000 00577nam a2200193Ia 4500
003 IN-BaIIA
008 211028s9999 xx 000 0 eng d
040 _cIIA Library
080 _a523.9
_bTHE
245 4 _aThe sun
_cedited by Gerard P. Kuiper
260 _aChicago
_bUniversity of Chicago Press
_c1953
300 _axix, 745p.
490 _aThe Solar System; v. 1
500 _aDonated by Mrs. Bappu
650 _aAstronomy and astrophysics thesaurus
650 _aSun
_91200
700 _aKuiper, Gerard P ed.
_92858
942 _cBK
999 _c7497
_d7497